| 000 | 00783nam a2200241 a 4500 | ||
|---|---|---|---|
| 001 | BRCA_2328 | ||
| 005 | 20190320203748.0 | ||
| 008 | 780601s1998 sp-a---###---#000-0#spa-# | ||
| 020 | _a8437616174 | ||
| 040 |
_aDLC _cDLC _dDLC |
||
| 050 | 4 |
_aND663 _b.P36 1998 |
|
| 100 | 1 |
_aPanofsky, Erwin _d1982 - 1968 _96998 |
|
| 245 | 1 | 0 |
_aLos primitivos flamencos _cErwin Panofsky ; traducción Carmen Martínez Gimeno. |
| 260 |
_aMadrid _bCátedra _c1998 |
||
| 300 |
_a593 p. _bil. _c24 cm. |
||
| 440 | 0 |
_aGrandes temas _96999 |
|
| 500 | _aTraducción de : Early Netherlandish Painting. its origins and character | ||
| 504 | _aBibliografía : p. 563-592 | ||
| 650 | 1 | 4 |
_aPintura flamenca _97000 |
| 650 | 1 | 4 |
_aArte primitivo _97001 |
| 700 | 1 |
_aMartínez Gimeno, Carmen _97002 |
|
| 942 |
_2lcc _cB |
||
| 999 |
_c2073 _d2073 |
||